K faune nematod dikich ptic Turkmenistana

Bibliographic Details
Main Authors: Kozlov, D. (Author), Ryžikov, K. (Author)
Format: Article
Language:Russian

MARC

LEADER 00000nab a2200000ua 4500
001 vtls010796225
003 SK-MaSNL
005 20260303214205.0
008 230218s1959 xo |||||||||||||||||rus|
035 |a (urnnbn)urn:nbn:sk:snk:ar-a05son 
035 |a (uuid)3a5795ad-9e9c-4ea0-af3e-279b4731ae88 
035 |a urn:nbn:sk:snk-ab4v1i 
040 |a SNKBUCL  |b slo  |c SNKBUCL  |e AACR2 
041 0 |a rus 
044 |a xo  |c SK 
100 1 |a Kozlov, D.  |4 aut  |9 1248907 
245 1 0 |a K faune nematod dikich ptic Turkmenistana  |c D. Kozlov, K. Ryžikov 
700 1 |a Ryžikov, K.  |4 aut  |9 1248908 
773 0 |t Helminthologia  |g Roč. 1, č. 1-4 (1959), s. 55-68 
958 |a OND 
958 |a EUIPO 
958 |a article3 
999 |c 2215845  |d 2217775